| 000 | 00538nam a22002057a 4500 | ||
|---|---|---|---|
| 003 | OSt | ||
| 005 | 20151116134119.0 | ||
| 008 | 130604t xxu||||| |||| 00| 0 eng d | ||
| 020 | _a9789812448484 | ||
| 050 |
_aPE 1112 _b.F624 2010 |
||
| 082 |
_aM 415 _bG76 1990 |
||
| 245 |
_aPrentice-Hall grammar and composition 2 _cForlini, Gary |
||
| 250 | _a4th ed. | ||
| 260 |
_aEnglewood cliffs, N.J. _bPrentice-Hall _cc1990 |
||
| 300 |
_a4 v. _bill. _c22 cm. |
||
| 526 | _c1210L-1700L | ||
| 942 |
_2lcc _cBK |
||
| 999 |
_c11671 _d11671 |
||